Statistics for Word in the Middle #3

Click here to take the quiz!

General Stats

  • This quiz has been taken 29,838 times
    (17,815 since last reset)
  • The average score is 18 of 28

Answer Stats

Phrase % Correct
Acid {Rain} Forest
90%
Roast {Beef} Wellington
87%
Duct {Tape} Recorder
86%
Quantum {Leap} Year
85%
Square {Root} Beer
82%
Kidney {Stone} Age
81%
Washing {Machine} Gun
81%
Talking {Head} Lice
81%
Printing {Press} Release
77%
Graph {Paper} Mache
76%
Brain {Storm} Trooper
72%
Bowling {Alley} Cat
72%
Baked {Potato} Famine
69%
Prime {Time} Bomb
69%
Wicked {Witch} Doctor
68%
Cowboy {Hat} Trick
67%
Tomato {Soup} Kitchen
65%
Christmas {Tree} Frog
64%
Fashion {Plate} Tectonics
63%
Cigarette {Smoke} Screen
57%
Lance {Corporal} Punishment
55%
Clam {Bake} Sale
45%
Jump {Rope} Ladder
45%
Prison {Break} Dancing
42%
About {Face} Value
39%
Secret {Agent} Orange
38%
Country {Club} Sandwich
33%
Long {Shot} Glass
18%

Score Distribution

Percentile by Number Answered

Percent of People with Each Score

Your Score History

You have not taken this quiz since the last reset